Capitales du Monde - Quiz - Statistiques

Statistiques générales
  • Ce quiz a été pris 42 fois
  • Le résultat moyen est 112 sur 193
Statistiques - réponses
Pays Capitale % Correct
France Paris
100%
Allemagne Berlin
96%
Belgique Bruxelles
96%
Espagne Madrid
96%
Grèce Athènes
93%
Irlande Dublin
93%
Luxembourg Luxembourg
93%
Italie Rome
93%
Croatie Zagreb
93%
Pays-Bas Amsterdam
89%
Hongrie Budapest
89%
Danemark Copenhague
89%
Finlande Helsinki
89%
Ukraine Kiev
89%
Royaume-Uni Londres
89%
Mexique Mexico
89%
Russie Moscou
89%
Autriche Vienne
89%
Andorre Andorre-la- Vieille
86%
Suisse Berne
86%
Portugal Lisbonne
86%
Canada Ottawa
86%
Bulgarie Sofia
86%
États-Unis Washington
86%
Roumanie Bucarest
82%
Norvège Oslo
82%
République Tchèque Prague
82%
Saint-Marin Saint-Marin
82%
Bosnie- Herzégovine Sarajevo
82%
Suède Stockholm
82%
Estonie Tallinn
82%
Albanie Tirana
82%
Argentine Buenos Aires
79%
Venezuela Caracas
79%
Pérou Lima
79%
Biélorussie Minsk
79%
Chine Pékin
79%
Islande Reykjavik
79%
Japon Tokyo
79%
Pologne Varsovie
79%
Lituanie Vilnius
79%
Algérie Alger
75%
Turquie Ankara
75%
Thaïlande Bangkok
75%
Liban Beyrouth
75%
Brésil Brasilia
75%
Indonésie Jakarta
75%
Cuba La Havane
75%
Bolivie La Paz / Sucre
75%
Malte La Valette
75%
Slovénie Ljubljana
75%
Inde New Delhi
75%
Arabie Saoudite Riyad
75%
Colombie Bogotá
71%
Australie Canberra
71%
Syrie Damas
71%
Qatar Doha
71%
Arménie Erevan
71%
Viêt Nam Hanoï
71%
Israël Jérusalem
71%
Jamaïque Kingston
71%
Uruguay Montevideo
71%
Mongolie Oulan-Bator
71%
Panama Panama
71%
Afrique du Sud Pretoria / Le Cap / Bloemfontein
71%
Corée du Nord Pyongyang
71%
Équateur Quito
71%
Lettonie Riga
71%
Corée du Sud Séoul
71%
Macédoine du Nord Skopje
71%
Liechtenstein Vaduz
71%
Slovaquie Bratislava
68%
Moldavie Chișinău
68%
Afghanistan Kaboul
68%
Koweït Koweït
68%
Égypte Le Caire
68%
Kosovo Pristina
68%
Chili Santiago
68%
Iran Téhéran
68%
Émirats Arabes Unis Abou Dabi
64%
Irak Bagdad
64%
Serbie Belgrade
64%
Guatemala Guatemala
64%
Pakistan Islamabad
64%
Malaisie Kuala Lumpur
64%
Philippines Manille
64%
Chypre Nicosie
64%
Haïti Port-au-Prince
64%
Taïwan Taipei
64%
Géorgie Tbilissi
64%
Azerbaïdjan Bakou
61%
Djibouti Djibouti
61%
Maroc Rabat
61%
Nouvelle-Zélande Wellington
61%
Kazakhstan Astana
57%
Paraguay Asunción
57%
Sénégal Dakar
57%
Guyana Georgetown
57%
Gabon Libreville
57%
Burkina Faso Ouagadougou
57%
Monténégro Podgorica
57%
Salvador San Salvador
57%
Cameroun Yaoundé
57%
Jordanie Amman
54%
Madagascar Antananarivo
54%
Rép du Congo Brazzaville
54%
Népal Katmandou
54%
Rép. Dém. du Congo Kinshasa
54%
Kenya Nairobi
54%
Cap-Vert Praia
54%
République Dominicaine Saint-Domingue
54%
Yémen Sanaa
54%
Honduras Tegucigalpa
54%
Libye Tripoli
54%
Tunisie Tunis
54%
Ghana Accra
50%
Guinée-Bissau Bissau
50%
Guinée Conakry
50%
Bangladesh Dacca
50%
Angola Luanda
50%
Cambodge Phnom Penh
50%
Costa Rica San José
50%
Laos Vientiane
50%
Côte d'Ivoire Yamoussoukro
50%
Éthiopie Addis-Abeba
46%
Timor Oriental Dili
46%
Maldives Malé
46%
Nicaragua Managua
46%
Trinité-et-Tobago Port-d'Espagne
46%
Érythrée Asmara
43%
Mali Bamako
43%
Belize Belmopan
43%
Kirghizistan Bichkek
43%
Oman Mascate
43%
Bahamas Nassau
43%
Suriname Paramaribo
43%
Maurice Port-Louis
43%
Papouasie- Nouvelle-Guinée Port Moresby
43%
Dominique Roseau
43%
Sao Tomé-et- Principe Sao Tomé
43%
Bhoutan Thimphou
43%
Barbade Bridgetown
39%
Sainte-Lucie Castries
39%
Comores Moroni
39%
Birmanie Naypyidaw
39%
Mauritanie Nouakchott
39%
Fidji Suva
39%
Nigeria Abuja
36%
Samoa Apia
36%
Brunei Bandar Seri Begawan
36%
Gambie Banjul
36%
Tadjikistan Douchanbé
36%
Sierra Leone Freetown
36%
Burundi Gitega
36%
Soudan Khartoum
36%
Rwanda Kigali
36%
Bahreïn Manama
36%
Mozambique Maputo
36%
Bénin Porto-Novo
36%
Sri Lanka Sri Jayawardenapura Kotte
36%
Ouzbékistan Tachkent
36%
Nauru Yaren
36%
Turkménistan Achgabat
32%
Saint-Christophe- et-Niévès Basseterre
32%
Botswana Gaborone
32%
Togo Lomé
32%
Liberia Monrovia
32%
Niger Niamey
32%
États Fédérés de Micronésie Palikir
32%
Grenade Saint George's
32%
Antigua-et- Barbuda Saint John's
32%
Kiribati Tarawa-Sud
32%
Seychelles Victoria
32%
Tuvalu Funafuti
29%
Îles Salomon Honiara
29%
Îles Marshall Majuro
29%
Lesotho Maseru
29%
Palaos Ngerulmud
29%
Vanuatu Port-Vila
29%
Namibie Windhoek
29%
République Centrafricaine Bangui
25%
Zimbabwe Harare
25%
Saint-Vincent-et- les-Grenadines Kingstown
25%
Malawi Lilongwe
25%
Somalie Mogadiscio
25%
Tchad Ndjamena
25%
Tonga Nukuʻalofa
25%
Guinée Équatoriale Ciudad de la Paz
21%
Soudan du Sud Djouba
21%
Tanzanie Dodoma
21%
Ouganda Kampala
21%
Zambie Lusaka
21%
Eswatini Mbabane
21%
Aucun quiz correspondant
Distribution des résultats
% des personnes avec chaque résultat
Percentile par nombre de réponses
Votre historique - résultats
Vous n’avez pas pris ce quiz